01083cam a22002657a 4500003000500000005001700005008004100022010001000063011001000073020001500083035001000098040000900108082002900117110007900146245013100225260010100356300001900457500006800476650002600544650005400570650005100624650004700675650004100722650005400763CHAP20220329142435.0010212d2000 mx rs o00110 spa d a83485 a84457 a9701328280 a94977 cCHAP04a338.972bI59 1999 B.C.S.2 aInstituto Nacional de Estadística, Geografía e Informática. México10aCuaderno estadístico municipal :bBaja California Surc/por Instituto Nacional de Estadística, Geografía e Informática aAguascalientes, Ags. :bInstituto Nacional de Estadística, Geografía e Informática,c2000. av. :bgráfs. aLa biblioteca tiene : v.1 La Paz.--v.2 Los Cabos.--v.3 Mulegé04aMéxicoxMunicipios.14aAgriculturaxEstadísticaszBaja California Sur.14aBaja California SurxCondiciones económicas.14aBaja California SurxCondiciones sociales.14aBaja California SurxEstadísticas.14aGanaderíaxEstadísticaszBaja California Sur.